[Event "Bixby 38th"]
[Site "Bixby"]
[Date "2004.11.06"]
[Round "4"]
[White "Lewis, John J"]
[Black "Berry, Jim"]
[Result "0-1"]
[WhiteElo "1770"]
[BlackElo "1950"]
[PlyCount "76"]
[EventDate "2004.11.06"]
[EventType "swiss (rapid)"]
[EventRounds "4"]
[EventCountry "USA"]
[EventCategory "1"]
[SourceTitle "EXT 2006"]
[Source "ChessBase"]
[SourceDate "2005.11.24"]
[SourceVersion "1"]
[SourceVersionDate "2005.11.24"]
[SourceQuality "1"]

1. e4 c6 2. d4 d5 3. exd5 cxd5 4. c4 e6 5. Nc3 Nf6 6. Nf3 Bb4 7. Bd2 0-0 8. c5 b6 9. cxb6 Qxb6 10. Bd3 Nc6 11. a3 Be7 12. Na4 Qd8 13. 0-0 Bb7 14. b4 Ne4 15. Nc5 Nxc5 16. bxc5 Bf6 17. Bc3 h6 18. Re1 Qc7 19. Bc2 Ba6 20. Ba4 Na5 21. Ne5 Bxe5 22. Rxe5 Nc4 23. Rh5 Qf4 24. g3 Qf6 25. Bc2 Qe7 26. Bd3 Rab8 27. h4 Nb2 28. Bxb2 Bxd3 29. Qxd3 Rxb2 30. Re5 Rfb8 31. Rae1 Qf6 32. R5e2 R8b3 33. Qa6 Qxd4 34. c6 Rxe2 35. Rxe2 Rxg3+ 36. Kf1 Rc3 37. Qb5 Qxh4 38. Ke1 Qh1+ 0-1

[Event "Bixby 35th"]
[Site "Bixby"]
[Date "2004.09.25"]
[Round "3"]
[White "Crumbliss, Lon"]
[Black "Lewis, John J"]
[Result "0-1"]
[WhiteElo "1430"]
[BlackElo "1770"]
[PlyCount "154"]
[EventDate "2004.09.25"]
[EventType "swiss (rapid)"]
[EventRounds "5"]
[EventCountry "USA"]
[EventCategory "1"]
[SourceTitle "EXT 2006"]
[Source "ChessBase"]
[SourceDate "2005.11.24"]
[SourceVersion "1"]
[SourceVersionDate "2005.11.24"]
[SourceQuality "1"]

1. e4 c6 2. c3 d5 3. e5 d4 4. cxd4 Qxd4 5. Nf3 Qe4+ 6. Be2 Bg4 7. d3 Qb4+ 8. Nc3 Nd7 9. d4 Rd8 10. a3 Qb6 11. Qa4 e6 12. 0-0 Ne7 13. Bg5 Qxb2 14. Ne4 Nf5 15. Bxd8 Qxe2 16. Rfe1 Qa6 17. Qxa6 bxa6 18. Bc7 Bxf3 19. gxf3 Nxd4 20. Red1 Nxf3+ 21. Kh1 Nfxe5 22. Rab1 f5 23. Ng5 Ke7 24. Rb7 Kf6 25. f4 Bxa3 26. Rd6 Bxd6 27. Bxd6 Nc4 28. Rxd7 Nxd6 29. Rxd6 Re8 30. Rxc6 h6 31. Nf3 g5 32. fxg5+ hxg5 33. Rxa6 Re7 34. Kg2 Rd7 35. Kg3 g4 36. Nh4 Kg5 37. Ng2 e5 38. Ra5 Rh7 39. Rxe5 Rh3+ 40. Kf2 Rxh2 41. Kg3 Rh3+ 42. Kf2 Ra3 43. Ne3 Kf4 44. Rxf5+ Ke4 45. Nc2 Rc3 46. Ra5 Rxc2+ 47. Kg3 Rc7 48. Kxg4 Kd4 49. Kf4 Kc4 50. Ke4 Kb4 51. Ra1 a5 52. Rb1+ Ka3 53. Kd4 a4 54. Rb5 Ka2 55. Kd5 a3 56. Kd4 Rc2 57. Kd3 Rb2 58. Ra5 Rb8 59. Kc2 Rc8+ 60. Kd3 Kb2 61. Rb5+ Ka1 62. Kd2 Rc7 63. Kd1 Rh7 64. Kc2 Rh2+ 65. Kc1 Rb2 66. Ra5 a2 67. Ra4 Rb7 68. Ra5 Rc7+ 69. Kd2 Kb2 70. Rb5+ Ka3 71. Ra5+ Kb3 72. Rb5+ Ka4 73. Rb6 Rc5 74. Ra6+ Ra5 75. Rxa5+ Kxa5 76. Kc2 a1Q 77. Kd2 Qa3 0-1

[Event "Bixby 35th"]
[Site "Bixby"]
[Date "2004.09.25"]
[Round "1"]
[White "Lewis, John J"]
[Black "Barnard, Joe"]
[Result "1-0"]
[WhiteElo "1770"]
[BlackElo "1600"]
[PlyCount "69"]
[EventDate "2004.09.25"]
[EventType "swiss (rapid)"]
[EventRounds "5"]
[EventCountry "USA"]
[EventCategory "1"]
[SourceTitle "EXT 2006"]
[Source "ChessBase"]
[SourceDate "2005.11.24"]
[SourceVersion "1"]
[SourceVersionDate "2005.11.24"]
[SourceQuality "1"]

1. e4 Nf6 2. Nc3 d5 3. e5 d4 4. Nce2 Ne4 5. d3 Nc5 6. Nf3 Nc6 7. g3 Bg4 8. Bg2 Bxf3 9. Bxf3 Nxe5 10. Bg2 c6 11. b4 Ne6 12. 0-0 g6 13. h3 Bg7 14. f4 Nd7 15. f5 Nc7 16. Bb2 Nb5 17. Qd2 Qb6 18. Kh2 0-0-0 19. a4 Nd6 20. a5 Qc7 21. Bxd4 Nxf5 22. Bxg7 Nxg7 23. Qe3 Kb8 24. b5 Nf5 25. Qf2 Ne5 26. b6 axb6 27. axb6 Qd6 28. Ra7 Kc8 29. Rfa1 Nd7 30. Ra8+ Nb8 31. R1a7 Qd7 32. Qc5 Nd6 33. Bxc6 Qxc6 34. Qxc6+ bxc6 35. Rc7# 1-0

[Event "Tulsa op"]
[Site "Tulsa"]
[Date "2004.01.17"]
[Round "2"]
[White "Lewis, John J"]
[Black "Wharry, Stephen M"]
[Result "0-1"]
[WhiteElo "1733"]
[BlackElo "1900"]
[PlyCount "68"]
[EventDate "2004.01.17"]
[EventType "swiss"]
[EventRounds "5"]
[EventCountry "USA"]
[SourceTitle "EXT 2006"]
[Source "ChessBase"]
[SourceDate "2005.11.24"]
[SourceVersion "1"]
[SourceVersionDate "2005.11.24"]
[SourceQuality "1"]

1. e4 e5 2. Nf3 Nc6 3. Bb5 a6 4. Ba4 Nf6 5. 0-0 b5 6. Bb3 Be7 7. c3 Nxe4 8. Bd5 Nf6 9. Bxc6 dxc6 10. Nxe5 Qd5 11. Re1 Be6 12. c4 Qd6 13. Qf3 bxc4 14. Qxc6+ Qxc6 15. Nxc6 Bc5 16. Nc3 0-0 17. h3 Rfe8 18. Kf1 Bf5 19. Re5 Bd3+ 20. Kg1 Nd7 21. Rd5 Re1+ 22. Kh2 Bd6+ 23. g3 Nf6 24. Ra5 Ne4 25. Ne5 Nxf2 26. Kg2 Bxe5 27. Kxf2 Rf1+ 28. Kg2 Bd4 29. h4 f5 30. b3 Rf2+ 31. Kh1 Re8 32. Ba3 Bxc3 33. dxc3 Ree2 34. Rg1 Rh2# 0-1